[Event "XVI Torneo Internacional CIUDAD DE ALBA"]
[Site "Albacete - ESPAÑA"]
[Date "2008.09.02"]
[Round "2.13"]
[White "Valmana Canto, Jaime"]
[Black "Huguet, Sergio"]
[Result "1-0"]
[WhiteElo "2376"]
[BlackElo "2109"]
[PlyCount "85"]
[EventDate "2008.09.01"]

1. e4 d5 2. exd5 Qxd5 3. Nc3 Qa5 4. d4 Nf6 5. Bd2 Bf5 6. Bc4 c6 7. Nf3 e6 8.
Bb3 Bb4 9. O-O Nbd7 10. Qe2 O-O 11. a3 Bxc3 12. Bxc3 Qc7 13. Rad1 Nd5 14. Bd2
b5 15. Rc1 Nf4 16. Qe3 Nd5 17. Qe2 Nf4 18. Qe1 a5 19. Kh1 Nd5 20. c4 bxc4 21.
Bxc4 Nf4 22. Ne5 g5 23. Bxa5 Rxa5 24. Nxd7 Rd8 25. Nf6+ Kg7 26. Ne4 Rxd4 27.
Nxg5 Bd3 28. Bxd3 Rxg5 29. Be4 Qe5 30. Bxc6 Qf6 31. Rc3 Nd3 32. Qe2 Re5 33. Qc2
Nxf2+ 34. Kg1 Rf4 35. Rg3+ Kh8 36. Bf3 Qd8 37. Qxf2 Rd4 38. Rg4 Rd2 39. Qg3 Rc5
40. b4 Rcc2 41. Be4 Rb2 42. Qe5+ f6 43. Rxf6 1-0

[Event "XVI Torneo Internacional CIUDAD DE ALBA"]
[Site "Albacete - ESPAÑA"]
[Date "2008.09.02"]
[Round "2.14"]
[White "Guadamuro Torrente, Anabel"]
[Black "Cueto, Jonny"]
[Result "1/2-1/2"]
[WhiteElo "2105"]
[BlackElo "2321"]
[PlyCount "158"]
[EventDate "2008.09.01"]

1. e4 d6 2. d4 a6 3. Nc3 b5 4. a3 Bb7 5. Nf3 Nd7 6. Be3 g6 7. Nd2 Bg7 8. f3 c5
9. Nb3 cxd4 10. Nxd4 Ngf6 11. Be2 O-O 12. O-O Rc8 13. Kh1 Ne5 14. Qe1 Nc4 15.
Bxc4 Rxc4 16. Rd1 Qc7 17. Qh4 Rc8 18. Rd2 e5 19. Ndxb5 axb5 20. Nxb5 Qb8 21.
Nxd6 Rxc2 22. Nxc8 Qxc8 23. Rd6 Ne8 24. Rd8 Qe6 25. Rfd1 f6 26. R1d7 Rc8 27.
Rxc8 Qxd7 28. Rc1 Nd6 29. Qf2 f5 30. exf5 Nxf5 31. Bb6 e4 32. fxe4 Bxe4 33. b4
h5 34. Re1 Qb7 35. Bc5 h4 36. h3 Kh7 37. Kg1 Bc6 38. Qe2 Qd7 39. Qg4 Qd5 40.
Rd1 Qa2 41. Rf1 Qe6 42. Bf2 Bf6 43. Re1 Qd5 44. Rc1 Ng3 45. Rxc6 Qxc6 46. Bxg3
hxg3 47. Qxg3 Qc1+ 48. Kh2 Bg5 49. Qf2 Qc7+ 50. g3 Bc1 51. a4 Ba3 52. b5 Bc5
53. Qf3 Bb6 54. Qe2 Qd6 55. Qg2 Qd4 56. h4 Kh6 57. Qc2 Qe3 58. Kh3 Ba5 59. Kh2
Be1 60. Qg2 Kh5 61. b6 Ba5 62. Qd5+ Kg4 63. Qd7+ Kf3 64. Qd5+ Kg4 65. Qd7+ Kf3
66. Qd5+ Kf2 67. Qg2+ Ke1 68. b7 Bc7 69. Qg1+ Qxg1+ 70. Kxg1 Bxg3 71. Kg2 Bb8
72. Kf3 Ba7 73. a5 Kd2 74. Kg4 Kc3 75. Kg5 Kb4 76. Kxg6 Kxa5 77. h5 Kb6 78. h6
Kxb7 79. h7 Bd4 1/2-1/2

[Event "XVI Torneo Internacional CIUDAD DE ALBA"]
[Site "Albacete - ESPAÑA"]
[Date "2008.09.02"]
[Round "2.15"]
[White "Espinosa Aranda, Angel"]
[Black "Alcaraz Ortega, Javier"]
[Result "1-0"]
[WhiteElo "2313"]
[BlackElo "2105"]
[PlyCount "73"]
[EventDate "2008.09.01"]

1. e4 c5 2. Nf3 Nc6 3. Bb5 g6 4. O-O Bg7 5. c3 Nf6 6. Re1 O-O 7. d4 cxd4 8.
cxd4 a6 9. Bf1 d5 10. e5 Ne8 11. Nc3 Bg4 12. Be2 e6 13. Be3 Nc7 14. Rc1 Bxf3
15. Bxf3 Nb5 16. Na4 Qe7 17. Be2 Nba7 18. a3 Rac8 19. Nb6 Rc7 20. Qd2 Nb8 21.
Bg5 f6 22. exf6 Bxf6 23. Bxf6 Rxf6 24. Bg4 Rxc1 25. Qxc1 Qf7 26. Qe3 e5 27.
dxe5 d4 28. Qxd4 Nac6 29. Qd2 Rf4 30. Be6 Qxe6 31. Qxf4 Kg7 32. Qc4 Qe8 33. e6
Qd8 34. Qc3+ Kg8 35. Qf3 Ne7 36. Qf7+ Kh8 37. Nd7 1-0

[Event "XVI Torneo Internacional CIUDAD DE ALBA"]
[Site "Albacete - ESPAÑA"]
[Date "2008.09.02"]
[Round "2.16"]
[White "Sanchez Sanchez, Alberto"]
[Black "Fenollar Jorda, Manuel"]
[Result "1/2-1/2"]
[WhiteElo "2076"]
[BlackElo "2298"]
[PlyCount "109"]
[EventDate "2008.09.01"]

1. e4 e6 2. d3 d5 3. Nd2 c5 4. Ngf3 Nc6 5. g3 Nf6 6. Bg2 Be7 7. O-O O-O 8. Re1
b5 9. e5 Nd7 10. Nf1 a5 11. h4 a4 12. a3 b4 13. N1h2 Qc7 14. Bf4 bxa3 15. bxa3
Ba6 16. Ng5 h6 17. Qh5 Nd4 18. Ng4 Nf5 19. Bxd5 hxg5 20. hxg5 exd5 21. e6 g6
22. Nh6+ Nxh6 23. Qxh6 Qc6 24. exd7 Bd6 25. Re6 Qxd7 26. Rxd6 Qe7 27. Kg2 Bb7
28. Rb6 d4+ 29. Kh2 Bf3 30. Bd6 Qe2 31. Kg1 Rfe8 32. Rf1 Rac8 33. Bf8 Qe5 34.
Rf6 Rxf8 35. Rxf3 c4 36. Kg2 cxd3 37. Rh1 Qg7 38. Rxd3 Rfd8 39. Qxg7+ Kxg7 40.
Rhd1 Rd5 41. R1d2 Rxg5 42. Rxd4 Rgc5 43. Rxa4 Rxc2 44. Rxc2 Rxc2 45. Ra8 Ra2
46. a4 Kf6 47. a5 Kg5 48. a6 Kf5 49. Kf3 Ra3+ 50. Ke2 Kg4 51. a7 Ra2+ 52. Ke3
Ra4 53. Ke2 Ra3 54. Rh8 Rxa7 55. Rh4+ 1/2-1/2

[Event "XVI Torneo Internacional CIUDAD DE ALBA"]
[Site "Albacete - ESPAÑA"]
[Date "2008.09.02"]
[Round "2.17"]
[White "Avila Jimenez, Javier"]
[Black "Torres Tellez, Jonathan"]
[Result "0-1"]
[WhiteElo "2286"]
[BlackElo "2100"]
[PlyCount "92"]
[EventDate "2008.09.01"]

1. d4 Nf6 2. c4 e6 3. Nc3 Bb4 4. f3 d5 5. a3 Bxc3+ 6. bxc3 O-O 7. cxd5 exd5 8.
e3 Bf5 9. g4 Bg6 10. Ne2 Re8 11. Bg2 Nc6 12. h4 h5 13. g5 Nd7 14. Nf4 Nb6 15.
Nxg6 fxg6 16. O-O Qd6 17. e4 Nc4 18. Ra2 Rad8 19. Qd3 Ne7 20. f4 b5 21. a4 a6
22. axb5 axb5 23. e5 Qb6 24. Bh3 c5 25. f5 gxf5 26. Bxf5 cxd4 27. Qxd4 Qxd4+
28. cxd4 Nxf5 29. Rxf5 Ra8 30. Rxa8 Rxa8 31. g6 Ra6 32. Kf2 Rxg6 33. Bg5 b4 34.
Rf3 Rb6 35. Rb3 Kf7 36. Ke2 Ke6 37. Kd3 Rb8 38. Kc2 Na5 39. Rg3 b3+ 40. Kb1 b2
41. Rc3 Nc4 42. Bc1 bxc1=Q+ 43. Kxc1 Rf8 44. Rg3 Rf4 45. Rxg7 Rxd4 46. Rg6+ Kf7
0-1

[Event "XVI Torneo Internacional CIUDAD DE ALBA"]
[Site "Albacete - ESPAÑA"]
[Date "2008.09.02"]
[Round "2.18"]
[White "Ontanon Gomez, Jesus"]
[Black "Vega Gutierrez, Sabrina"]
[Result "0-1"]
[WhiteElo "1761"]
[BlackElo "2281"]
[PlyCount "32"]
[EventDate "2008.09.01"]

1. e4 c5 2. Nf3 e6 3. d4 cxd4 4. Nxd4 Nc6 5. c4 Nf6 6. Nc3 Bb4 7. f3 O-O 8. Be3
d5 9. Bd3 dxe4 10. Bxe4 Nxe4 11. fxe4 Qh4+ 12. Ke2 Bxc3 13. bxc3 Qxe4 14. Kf2
Ne5 15. h3 Nd3+ 16. Ke2 Nf4+ 0-1

[Event "XVI Torneo Internacional CIUDAD DE ALBA"]
[Site "Albacete - ESPAÑA"]
[Date "2008.09.02"]
[Round "2.19"]
[White "Peric, Slavisa"]
[Black "Cruz Lledo, Pablo"]
[Result "0-1"]
[WhiteElo "2253"]
[BlackElo "2008"]
[PlyCount "154"]
[EventDate "2008.09.01"]

1. d4 d5 2. Bf4 c6 3. e3 Nf6 4. c4 Qb6 5. Qb3 Qxb3 6. axb3 Bf5 7. Nc3 Nbd7 8.
c5 a6 9. b4 Rc8 10. h3 h6 11. Nf3 g5 12. Bh2 Bg7 13. Nd2 Nh7 14. Nb3 e5 15.
O-O-O O-O 16. Na5 Rc7 17. g4 Bg6 18. Bg2 Rfc8 19. Na4 Nhf8 20. f4 f6 21. f5 Bf7
22. Rhe1 Rb8 23. Rd3 b6 24. Nb3 bxc5 25. bxc5 Rb4 26. Nb6 Nxb6 27. cxb6 Rxb6
28. Rc3 Nd7 29. Kc2 Bf8 30. Ra1 Bb4 31. Rd3 c5 32. dxc5 Nxc5 33. Nxc5 Rxc5+ 34.
Kd1 Rbc6 35. Bg3 a5 36. Be1 Rb6 37. Bxb4 Rxb4 38. Rc1 Rcb5 39. Rc8+ Kg7 40. Rc7
e4 41. Ra3 Rxb2 42. Bf1 Rb1+ 43. Rc1 Rxc1+ 44. Kxc1 Rc5+ 45. Kd2 h5 46. Ra1
hxg4 47. hxg4 Kf8 48. Rb1 a4 49. Rb6 Ra5 50. Kc1 a3 51. Kb1 a2+ 52. Ka1 Ra3 53.
Bb5 Rxe3 54. Rb8+ Ke7 55. Rb7+ Kd6 56. Rxf7 Ke5 57. Re7+ Kf4 58. Re6 Kxg4 59.
Rxf6 d4 60. Kxa2 d3 61. Kb2 Re2+ 62. Kc1 Rc2+ 63. Kb1 Rc5 64. Ba6 d2 65. Be2+
Kf4 66. Rd6 Ke3 67. Bg4 Kf4 68. Be2 Rxf5 69. Rxd2 Ke3 70. Kc1 Rc5+ 71. Kd1 Ra5
72. Bc4 g4 73. Rd8 Ra1+ 74. Kc2 g3 75. Rg8 Rg1 76. Bd5 Kd4 77. Bb7 g2 0-1

[Event "XVI Torneo Internacional CIUDAD DE ALBA"]
[Site "Albacete - ESPAÑA"]
[Date "2008.09.02"]
[Round "2.20"]
[White "Serna Lara, Sergio"]
[Black "Velandrino Gomez, Maria Cielo"]
[Result "1-0"]
[WhiteElo "2247"]
[BlackElo "1995"]
[PlyCount "41"]
[EventDate "2008.09.01"]

1. d4 d5 2. c4 c6 3. Nf3 Nf6 4. e3 a6 5. Qc2 e6 6. Nbd2 c5 7. dxc5 Qc7 8. Nb3
Nbd7 9. cxd5 exd5 10. Bd2 Ne4 11. Rc1 Ndf6 12. Ba5 Qe7 13. Bd3 Bd7 14. O-O Rc8
15. Qe2 Ba4 16. Nfd4 Nd7 17. c6 Bxc6 18. Nxc6 Rxc6 19. Rxc6 bxc6 20. Bxe4 Qxe4
21. Qxa6 1-0

[Event "XVI Torneo Internacional CIUDAD DE ALBA"]
[Site "Albacete - ESPAÑA"]
[Date "2008.09.02"]
[Round "3.1"]
[White "Valmana Canto, Jaime"]
[Black "Epishin, Vladimir"]
[Result "1/2-1/2"]
[WhiteElo "2376"]
[BlackElo "2574"]
[PlyCount "64"]
[EventDate "2008.09.01"]

1. e4 c5 2. Nf3 e6 3. d4 cxd4 4. Nxd4 Bc5 5. Be3 d6 6. Nd2 Nf6 7. Bb5+ Bd7 8.
Bxd7+ Nbxd7 9. O-O O-O 10. c3 Rc8 11. Qe2 Re8 12. Rad1 d5 13. Nc2 Bxe3 14. Nxe3
Qb6 15. exd5 Nxd5 16. Ndc4 Qa6 17. Rfe1 N7f6 18. a3 Red8 19. Nxd5 Rxd5 20. Rxd5
Nxd5 21. Ne3 Qxe2 22. Rxe2 Nb6 23. Rd2 Kf8 24. f4 Ke7 25. Kf2 Na4 26. c4 a5 27.
b4 Nc3 28. Rd3 axb4 29. axb4 Ne4+ 30. Kf3 f5 31. c5 Ra8 32. Nc4 Ra2 1/2-1/2

[Event "XVI Torneo Internacional CIUDAD DE ALBA"]
[Site "Albacete - ESPAÑA"]
[Date "2008.09.02"]
[Round "3.2"]
[White "Solodovnichenko, Yuri"]
[Black "Espinosa Aranda, Angel"]
[Result "1/2-1/2"]
[WhiteElo "2542"]
[BlackElo "2313"]
[PlyCount "36"]
[EventDate "2008.09.01"]

1. e4 c5 2. Nf3 d6 3. d4 cxd4 4. Nxd4 Nf6 5. Nc3 Nc6 6. Bg5 e6 7. Qd2 a6 8.
O-O-O Bd7 9. f3 h6 10. Be3 b5 11. Nxc6 Bxc6 12. Ne2 Qc7 13. Kb1 Bb7 14. g4 d5
15. exd5 Nxd5 16. Nf4 O-O-O 17. Nxd5 Bxd5 18. Qe2 Bc5 1/2-1/2

[Event "XVI Torneo Internacional CIUDAD DE ALBA"]
[Site "Albacete - ESPAÑA"]
[Date "2008.09.02"]
[Round "3.3"]
[White "Vega Gutierrez, Sabrina"]
[Black "Radulski, Julian"]
[Result "0-1"]
[WhiteElo "2281"]
[BlackElo "2516"]
[PlyCount "78"]
[EventDate "2008.09.01"]

1. e4 e5 2. Nf3 Nc6 3. Bb5 g6 4. c3 a6 5. Ba4 d6 6. d4 Bd7 7. O-O Bg7 8. d5
Nce7 9. Bxd7+ Qxd7 10. c4 Nf6 11. Nc3 O-O 12. Ne1 b5 13. cxb5 axb5 14. Nc2 Rfb8
15. Nb4 c5 16. dxc6 Nxc6 17. Nbd5 Nh5 18. Be3 Nd4 19. a4 bxa4 20. Nxa4 Qd8 21.
Bxd4 exd4 22. Qd3 Rb7 23. Ra3 Rab8 24. Rb1 Rb5 25. b4 Nf6 26. Nxf6+ Bxf6 27.
Rab3 Qe7 28. g3 h5 29. R1b2 Kg7 30. Rb1 Qb7 31. Qc4 h4 32. f3 Qa7 33. Nb2 d3+
34. Kf1 hxg3 35. hxg3 Rh5 36. Nxd3 Rbh8 37. Nf2 Rh2 38. Ng4 Ra2 39. R1b2 Rxb2
0-1

[Event "XVI Torneo Internacional CIUDAD DE ALBA"]
[Site "Albacete - ESPAÑA"]
[Date "2008.09.02"]
[Round "3.5"]
[White "Jimenez Martinez, Jose Vicente"]
[Black "Pogorelov, Ruslan"]
[Result "1/2-1/2"]
[WhiteElo "2223"]
[BlackElo "2459"]
[PlyCount "142"]
[EventDate "2008.09.01"]

1. d4 Nf6 2. c4 e6 3. Nc3 Bb4 4. Qc2 c5 5. dxc5 O-O 6. a3 Bxc5 7. Nf3 b6 8. e3
Bb7 9. Be2 Be7 10. O-O d6 11. b3 Nbd7 12. Bb2 Rc8 13. Rac1 Qc7 14. Qb1 Qb8 15.
Rfd1 a6 16. h3 Rfd8 17. Qa2 Qa8 18. Nb1 Nc5 19. Nbd2 Nce4 20. Nxe4 Bxe4 21. Ne1
Bc6 22. Bf3 b5 23. cxb5 axb5 24. Bxc6 Rxc6 25. Rxc6 Qxc6 26. Rc1 Qb7 27. Nd3
Nd7 28. Qb1 Nc5 29. Qc2 Qd5 30. Nb4 Qa8 31. Nd3 Bf8 32. b4 Na4 33. Qc7 Rb8 34.
Rc6 Rb7 35. Qc8 Qxc8 36. Rxc8 Nxb2 37. Nxb2 Ra7 38. Rb8 Rxa3 39. Rxb5 d5 40.
Rb8 Rb3 41. Na4 Rxb4 42. Rxb4 Bxb4 43. Kf1 Kf8 44. Ke2 Ke7 45. Kd3 Kd6 46. e4
dxe4+ 47. Kxe4 f5+ 48. Kf3 Kd5 49. g4 g6 50. gxf5 gxf5 51. Nb6+ Kd4 52. Nd7 e5
53. Nf6 Kd3 54. Nxh7 Be7 55. Kg3 e4 56. Kf4 Bh4 57. Kxf5 Bxf2 58. Ng5 e3 59.
Nf3 e2 60. Kf4 Bh4 61. Ne5+ Kc3 62. Nf3 Kd3 63. Ne5+ Kd2 64. Nf3+ Kd1 65. Kg4
Bf2 66. h4 Be3 67. Kf5 Bc1 68. Ke4 Bh6 69. Kd3 Bf4 70. Ke4 Bh6 71. Kd3 Bf4
1/2-1/2

[Event "XVI Torneo Internacional CIUDAD DE ALBA"]
[Site "Albacete - ESPAÑA"]
[Date "2008.09.02"]
[Round "3.6"]
[White "Torres Tellez, Jonathan"]
[Black "Guliev, Logman"]
[Result "0-1"]
[WhiteElo "2100"]
[BlackElo "2437"]
[PlyCount "80"]
[EventDate "2008.09.01"]

1. e4 c5 2. Nf3 d6 3. d4 cxd4 4. Nxd4 Nf6 5. Nc3 a6 6. Bg5 e6 7. Qf3 Be7 8.
O-O-O Qc7 9. Qg3 Nbd7 10. Be2 Nc5 11. f3 Bd7 12. Be3 O-O 13. Qf2 b5 14. Nb3 b4
15. Nb1 Nxb3+ 16. axb3 d5 17. g4 dxe4 18. g5 Rfc8 19. Bc4 Nd5 20. fxe4 Nxe3 21.
Qxe3 a5 22. Bd3 Bb5 23. h4 a4 24. bxa4 Rxa4 25. Rd2 Be8 26. h5 Qa5 27. e5 Ra1
28. Qe4 g6 29. hxg6 fxg6 30. Bc4 Bf7 31. Qf4 Rxb1+ 32. Kxb1 Ra8 33. c3 Qa1+ 34.
Kc2 Qxh1 35. Rh2 b3+ 36. Bxb3 Qe1 37. Rxh7 Kxh7 38. Qxf7+ Kh8 39. Qxe7 Qe2+ 40.
Kb1 Qd3+ 0-1

[Event "XVI Torneo Internacional CIUDAD DE ALBA"]
[Site "Albacete - ESPAÑA"]
[Date "2008.09.02"]
[Round "3.7"]
[White "Sriram, Jha"]
[Black "Vega Gomez, Francisco B"]
[Result "1-0"]
[WhiteElo "2429"]
[BlackElo "2170"]
[PlyCount "43"]
[EventDate "2008.09.01"]

1. d4 Nf6 2. c4 g6 3. g3 Bg7 4. Bg2 d5 5. cxd5 Nxd5 6. Nf3 O-O 7. O-O Nc6 8.
Nc3 Nb6 9. e3 Re8 10. d5 Na5 11. Nd4 e5 12. dxe6 Bxe6 13. Nxe6 Rxe6 14. Qc2 Rd6
15. Nb5 Rd7 16. Bh3 Re7 17. Rd1 Qb8 18. Bd2 Nc6 19. Bc3 Ne5 20. Bb4 c5 21. Bxc5
Nf3+ 22. Kg2 1-0

[Event "XVI Torneo Internacional CIUDAD DE ALBA"]
[Site "Albacete - ESPAÑA"]
[Date "2008.09.02"]
[Round "3.8"]
[White "Cruz Lledo, Pablo"]
[Black "Ivanov, Jordan"]
[Result "0-1"]
[WhiteElo "2008"]
[BlackElo "2421"]
[PlyCount "110"]
[EventDate "2008.09.01"]

1. d4 Nf6 2. c4 d6 3. Nc3 g6 4. e4 Bg7 5. f3 O-O 6. Nge2 c5 7. d5 e6 8. Bg5 h6
9. Be3 exd5 10. cxd5 Re8 11. Qd2 h5 12. Nc1 Nh7 13. Bd3 Nd7 14. O-O Ne5 15. Be2
a6 16. a4 Rb8 17. Rb1 Qa5 18. N1a2 Qc7 19. b4 b6 20. bxc5 bxc5 21. Rxb8 Qxb8
22. Rb1 Qc7 23. Qb2 Nd7 24. Bf2 Qd8 25. Qb3 Qg5 26. a5 f5 27. exf5 gxf5 28. Nc1
Qd2 29. Na4 Qxa5 30. Nb2 Ne5 31. Ncd3 Qd2 32. Nxe5 Bxe5 33. Qd3 Bxh2+ 34. Kxh2
Rxe2 35. Qxd2 Rxd2 36. Bg3 Rd4 37. Bxd6 Rxd5 38. Nc4 Rd4 39. Rb8 Rxc4 40. Rxc8+
Kf7 41. Bxc5 Nf6 42. Rf8+ Ke6 43. Ba3 Rh4+ 44. Kg3 Ra4 45. Bc1 Nd5 46. Rh8 Nc3
47. Bg5 Kf7 48. Bd2 f4+ 49. Kh4 Nd5 50. Rxh5 Rd4 51. Bc1 Rd1 52. Rh7+ Kg6 53.
Ra7 Rxc1 54. Rxa6+ Nf6 55. g3 Rh1# 0-1

[Event "XVI Torneo Internacional CIUDAD DE ALBA"]
[Site "Albacete - ESPAÑA"]
[Date "2008.09.02"]
[Round "3.9"]
[White "Babaev, Rashad"]
[Black "Fernandez Garcia, Jose Miguel"]
[Result "1-0"]
[WhiteElo "2484"]
[BlackElo "2135"]
[PlyCount "73"]
[EventDate "2008.09.01"]

1. e4 c5 2. Nf3 e6 3. d4 cxd4 4. Nxd4 a6 5. Nc3 Qc7 6. g3 Bb4 7. Bd2 Nc6 8.
Nxc6 dxc6 9. Bg2 e5 10. O-O Be7 11. a4 Nf6 12. a5 O-O 13. Na4 Be6 14. Qe2 Rad8
15. Be3 c5 16. Nb6 Nd7 17. Na4 Rfe8 18. c4 Nb8 19. f4 f6 20. f5 Bf7 21. Nb6 Nc6
22. Nd5 Bxd5 23. exd5 Nd4 24. Qd3 Bd6 25. Be4 Rb8 26. Bd2 b6 27. axb6 Qxb6 28.
Bc3 Ra8 29. g4 h6 30. h4 Re7 31. Kg2 Qd8 32. Ra3 Re8 33. Rfa1 Qc8 34. Kf2 g5
35. hxg5 hxg5 36. Rh1 Kf7 37. Rh6 {....} 1-0

[Event "XVI Torneo Internacional CIUDAD DE ALBA"]
[Site "Albacete - ESPAÑA"]
[Date "2008.09.02"]
[Round "3.10"]
[White "Kovacevic, Slobodan"]
[Black "Guadamuro Torrente, Anabel"]
[Result "0-1"]
[WhiteElo "2417"]
[BlackElo "2105"]
[PlyCount "88"]
[EventDate "2008.09.01"]

1. d4 d5 2. Bf4 Nf6 3. e3 c6 4. Nf3 a6 5. h3 g6 6. Nbd2 Bg7 7. c3 Qb6 8. b4
Nbd7 9. Be2 O-O 10. O-O Re8 11. Qc2 Qd8 12. Bh2 b5 13. Nb3 Ne4 14. Na5 Qb6 15.
Ne1 e5 16. Nd3 c5 17. dxe5 Nxe5 18. Nxe5 Bxe5 19. Bxe5 Rxe5 20. a4 bxa4 21.
Rxa4 Bd7 22. Ra2 cxb4 23. cxb4 Rc8 24. Qb2 Nc3 25. Raa1 Re4 26. Bf3 Rxb4 27.
Qd2 Rb2 28. Qd4 Qxd4 29. exd4 Rb4 30. Rfe1 Rxd4 31. Re7 Bb5 32. Nb7 Ne4 33. Re1
Kf8 34. Bxe4 dxe4 35. Re5 f5 36. g4 fxg4 37. hxg4 e3 38. R1xe3 Rxg4+ 39. Kh2
Rc1 40. f3 Rc2+ 41. Kh1 Rgg2 42. Rxb5 axb5 43. Nd6 Rgd2 44. Re8+ Kg7 0-1

[Event "XVI Torneo Internacional CIUDAD DE ALBA"]
[Site "Albacete - ESPAÑA"]
[Date "2008.09.02"]
[Round "3.11"]
[White "Cueto, Jonny"]
[Black "Garcia Lopez, Luis Manuel"]
[Result "1-0"]
[WhiteElo "2321"]
[BlackElo "2109"]
[PlyCount "69"]
[EventDate "2008.09.01"]

1. d4 d5 2. Bf4 c6 3. e3 Qb6 4. Qc1 Bf5 5. c4 e6 6. Nc3 Nf6 7. Nf3 Nbd7 8. c5
Qd8 9. b4 Nh5 10. Bg5 Be7 11. Bxe7 Qxe7 12. Be2 Bg6 13. O-O O-O 14. Ne5 Nhf6
15. f4 Ne4 16. Nxg6 hxg6 17. Nxe4 dxe4 18. a4 f5 19. g4 g5 20. Bc4 Kh8 21. Ra2
gxf4 22. Rxf4 g5 23. Rf1 fxg4 24. Rg2 Rxf1+ 25. Bxf1 Qf6 26. Rxg4 Rf8 27. Qe1
Qf5 28. Bh3 Qf3 29. Rg3 Qf6 30. Qe2 Kg7 31. Qh5 Qf2+ 32. Kh1 Qe1+ 33. Rg1 Qxe3
34. Rxg5+ Kf6 35. Qg6+ 1-0

[Event "XVI Torneo Internacional CIUDAD DE ALBA"]
[Site "Albacete - ESPAÑA"]
[Date "2008.09.02"]
[Round "3.12"]
[White "Fenollar Jorda, Manuel"]
[Black "Garcia Gata, Jorge D"]
[Result "1-0"]
[WhiteElo "2298"]
[BlackElo "2092"]
[PlyCount "75"]
[EventDate "2008.09.01"]

1. d4 Nf6 2. Nf3 c5 3. e3 g6 4. Bd3 Bg7 5. O-O O-O 6. Nbd2 b6 7. c3 Bb7 8. b4
d6 9. bxc5 dxc5 10. a4 Nc6 11. Nb3 Nd5 12. Bb2 cxd4 13. cxd4 Ncb4 14. Be2 Rc8
15. Rc1 Qd7 16. Bb5 Qe6 17. Nbd2 Rxc1 18. Qxc1 Rc8 19. Qa1 Qg4 20. Rc1 Rc2 21.
Rxc2 Nxc2 22. Qc1 Ndb4 23. Bc4 Bh6 24. Bxf7+ Kf8 25. h3 Qf5 26. Bb3 Nxe3 27.
Qc7 Bd5 28. Qd8+ Kf7 29. fxe3 Bxe3+ 30. Kh1 Bxb3 31. Ne5+ Kg7 32. Qxe7+ Bf7 33.
d5 Qf6 34. Nxf7 Qxb2 35. Nd8+ Kh6 36. Qxe3+ Kg7 37. Qe7+ Kh6 38. Qh4+ 1-0

[Event "XVI Torneo Internacional CIUDAD DE ALBA"]
[Site "Albacete - ESPAÑA"]
[Date "2008.09.02"]
[Round "3.13"]
[White "Sanchez Sanchez, Alberto"]
[Black "Picazo Lopez, Juan Antonio"]
[Result "1/2-1/2"]
[WhiteElo "2076"]
[BlackElo "2226"]
[PlyCount "162"]
[EventDate "2008.09.01"]

1. e4 d5 2. exd5 Nf6 3. Bb5+ Bd7 4. Bc4 b5 5. Be2 Nxd5 6. d4 e6 7. Nf3 Bd6 8.
O-O O-O 9. c4 bxc4 10. Bxc4 Bc6 11. Nc3 Nxc3 12. bxc3 Qf6 13. Be2 Nd7 14. Bg5
Qf5 15. Qd2 Rab8 16. c4 h6 17. Be3 Be4 18. c5 Be7 19. Rfc1 Bf6 20. Ne1 Rfd8 21.
f3 Bd5 22. Bd3 Qh5 23. g4 Qh4 24. Bf2 Qg5 25. Be3 Bxd4 26. Bh7+ Kxh7 27. Qxd4
Qe5 28. c6 Qxd4 29. Bxd4 Nb6 30. a4 a6 31. Be5 Rdc8 32. Kf2 Nc4 33. Bg3 Rb6 34.
Rc3 Rxc6 35. Rac1 Na5 36. Rc5 f6 37. Nd3 Rxc5 38. Rxc5 Nc6 39. Nf4 Nb4 40. Nxd5
Nxd5 41. Rc6 e5 42. Rxa6 c5 43. Rd6 Nb4 44. f4 exf4 45. Bxf4 c4 46. a5 c3 47.
a6 Ra8 48. Rd4 Nxa6 49. Rc4 Kg6 50. Rxc3 Nb4 51. Bg3 Ra2+ 52. Kf3 h5 53. h3 Nc2
54. Bf2 Ra3 55. Rxa3 Nxa3 56. Bc5 Nb5 57. Bf8 Nd4+ 58. Kg3 Ne6 59. Ba3 hxg4 60.
hxg4 Kf7 61. Bc1 Ke8 62. Kh4 g6 63. Kg3 Kf7 64. Bb2 Nc7 65. Kf3 Ke6 66. Bc1 Nd5
67. Bd2 Ne7 68. Bc1 Nc6 69. Bb2 Ne5+ 70. Kg3 Kd5 71. Ba3 Ke4 72. Be7 Nd7 73.
Bd8 g5 74. Be7 Ke5 75. Kf3 Ke6 76. Ba3 Ne5+ 77. Kg3 Nc4 78. Bb4 Nd6 79. Ba3 f5
80. Bxd6 Kxd6 81. gxf5 Ke7 1/2-1/2

[Event "XVI Torneo Internacional CIUDAD DE ALBA"]
[Site "Albacete - ESPAÑA"]
[Date "2008.09.02"]
[Round "3.14"]
[White "Sanchez Jerez, Emilio Miguel"]
[Black "Lara Granero, Bio"]
[Result "1/2-1/2"]
[WhiteElo "2143"]
[BlackElo "2034"]
[PlyCount "93"]
[EventDate "2008.09.01"]

1. e4 c5 2. Nf3 Nc6 3. d4 cxd4 4. Nxd4 e5 5. Nb5 d6 6. N1c3 a6 7. Na3 b5 8. Nd5
Nf6 9. Bg5 Be7 10. Bxf6 Bxf6 11. c3 Bg5 12. Nc2 O-O 13. a4 bxa4 14. Rxa4 a5 15.
b4 Bb7 16. b5 Nb8 17. Bc4 Nd7 18. Qe2 Nc5 19. Ra2 Kh8 20. O-O f5 21. exf5 Rxf5
22. Nce3 Bxe3 23. Nxe3 Rf4 24. Rd1 Ne4 25. Qd3 Qb6 26. Bd5 Nc5 27. Qe2 Raf8 28.
Nc4 Qxb5 29. Rxa5 Bxd5 30. Rxb5 Bxc4 31. Qb2 Bxb5 32. Qxb5 Ne4 33. Qc6 Nxf2 34.
Ra1 e4 35. Qxd6 R4f6 36. Qd5 e3 37. Qe5 Ng4 38. Qe4 h5 39. h3 Rf4 40. Qd3 e2
41. Qxe2 Rf2 42. Qb5 Ne3 43. Qxh5+ Kg8 44. Qg5 Rxg2+ 45. Qxg2 Nxg2 46. Kxg2 Rc8
47. Ra3 {....} 1/2-1/2

[Event "XVI Torneo Internacional CIUDAD DE ALBA"]
[Site "Albacete - ESPAÑA"]
[Date "2008.09.02"]
[Round "3.17"]
[White "Castellanos Rodriguez, Renier"]
[Black "Alshameary Puente, Ismael"]
[Result "1-0"]
[WhiteElo "2438"]
[BlackElo "1951"]
[PlyCount "79"]
[EventDate "2008.09.01"]

1. e4 c5 2. Nf3 d6 3. d4 cxd4 4. Nxd4 Nf6 5. Nc3 g6 6. Be3 Bg7 7. f3 O-O 8. Bc4
Nc6 9. Qd2 Nd7 10. O-O-O Nb6 11. Bb3 Na5 12. h4 Nbc4 13. Qd3 Nxb3+ 14. cxb3
Nxe3 15. Qxe3 Bd7 16. h5 Rc8 17. Kb1 a6 18. Rh2 e6 19. f4 Re8 20. Nf3 Qc7 21.
hxg6 hxg6 22. Ng5 d5 23. e5 Qc5 24. Qd2 Bb5 25. Rdh1 Qb4 26. g3 Rc7 27. Nh7
Rec8 28. Nf6+ Kf8 29. Rh8+ Bxh8 30. Rxh8+ Kg7 31. Rh7+ Kf8 32. f5 Rxc3 33. bxc3
Rxc3 34. Qh6+ Ke7 35. Rxf7+ Kxf7 36. Qh7+ Kf8 37. Qg8+ Ke7 38. Qxe6+ Kd8 39.
Qg8+ Kc7 40. Nxd5+ 1-0

[Event "XVI Torneo Internacional CIUDAD DE ALBA"]
[Site "Albacete - ESPAÑA"]
[Date "2008.09.02"]
[Round "3.19"]
[White "Gonzalez Lopez, Mario"]
[Black "Peric, Slavisa"]
[Result "0-1"]
[WhiteElo "1876"]
[BlackElo "2253"]
[PlyCount "104"]
[EventDate "2008.09.01"]

1. e4 e6 2. d4 d5 3. exd5 exd5 4. Bd3 Qf6 5. c3 Bd6 6. Qf3 Qxf3 7. Nxf3 Bg4 8.
Nbd2 Nd7 9. O-O Ne7 10. Re1 O-O 11. b3 Rfe8 12. Bb2 Nf6 13. Ne5 Bxe5 14. Rxe5
Ng6 15. Bxg6 hxg6 16. Rae1 Be6 17. f3 b5 18. b4 a5 19. a3 axb4 20. cxb4 Nd7 21.
R5e3 Nb6 22. Rc1 Na4 23. Ba1 Bf5 24. Rce1 Rxe3 25. Rxe3 Kf8 26. Kf2 Bc2 27. Re1
Bd3 28. Nb3 Bc4 29. Na5 Ra6 30. Re3 g5 31. Nb7 Rf6 32. Nc5 Nb6 33. Bb2 g4 34.
Kg3 gxf3 35. Rxf3 Rd6 36. Bc1 Nd7 37. Bf4 Rg6+ 38. Kf2 Nxc5 39. bxc5 c6 40.
Bd6+ Kg8 41. Re3 Rg4 42. Re8+ Kh7 43. Rc8 Rxd4 44. Rxc6 Rd2+ 45. Kg3 Rd3+ 46.
Kh4 Rxa3 47. Rc7 d4 48. c6 Ra6 49. Bf4 d3 50. g4 Be6 51. Rb7 Rxc6 52. Rxb5 Rc2
0-1

[Event "XVI Torneo Internacional CIUDAD DE ALBA"]
[Site "Albacete - ESPAÑA"]
[Date "2008.09.02"]
[Round "3.20"]
[White "Berbatov, Kiprian"]
[Black "Munoz Fernandez, Jose Luis"]
[Result "1-0"]
[WhiteElo "2250"]
[BlackElo "1924"]
[PlyCount "85"]
[EventDate "2008.09.01"]

1. e4 e5 2. Nf3 Nc6 3. Bb5 a6 4. Ba4 Nf6 5. O-O Be7 6. Re1 b5 7. Bb3 d6 8. c3
O-O 9. h3 Nb8 10. d4 Nbd7 11. Nbd2 Bb7 12. Re2 c5 13. Qe1 Qc7 14. Nf1 Rfe8 15.
Ng5 c4 16. Bc2 h6 17. Nf3 Bf8 18. Ng3 g6 19. Bd2 Bg7 20. Rd1 Nf8 21. d5 N8d7
22. Be3 Nc5 23. Qd2 Kh7 24. Nh2 Bc8 25. f3 h5 26. Rf1 Ncd7 27. h4 Ng8 28. Nh1
Bh6 29. Bxh6 Nxh6 30. g4 Qd8 31. Qe1 Qe7 32. Rg2 Nf8 33. Qg3 f6 34. gxh5 gxh5
35. f4 Ra7 36. f5 Rd8 37. Bd1 Qf7 38. Qe3 Rb7 39. Ng3 Ng4 40. Bxg4 hxg4 41.
Nxg4 Qg7 42. Nh5 Qf7 43. Qh6+ 1-0